[Event "Sarospatak op"]
[Site "Sarospatak"]
[Date "1994.??.??"]
[Round "?"]
[White "Bodrogi, Laszlo"]
[Black "Tatar Kis, Szabolcs"]
[Result "1/2-1/2"]
[WhiteElo "2050"]
[BlackElo "2235"]

1.d4 Nf6 2.c4 g6 3.Nc3 Bg7 4.e4 d6 5.Nf3 O-O 6.Be2 e5 7.d5 a5 8.Bg5 h6 9.Bh4 Na6
10.Nd2 Qe8 11.Nb5 Bd7 12.Rc1 Nh7 13.a4 b6 14.O-O h5 15.f3 Bh6 16.Bf2 Qe7
17.Rc3 f5 18.Nxc7 Nxc7 19.Bxb6 Na6 20.Bxa5 Nc5 21.b4 Bxa4 22.Qe1 fxe4 23.bxc5 Bxd2
24.Qxd2 Rxa5 25.Ra3 Qa7 26.Qe3 exf3 27.Bxf3 dxc5 28.Rfa1 Ra8 29.d6 Re8 30.Qh6 Qg7
31.Qxg7+ Kxg7 32.Rxa4 Rxa4 33.Rxa4 Rd8 34.Ra7+ Kh6 35.Re7 Rxd6 36.Rxe5 Ng5
37.Bd5 Rd7 38.h4 Nh7 39.Re6 Kg7 40.Rc6 Nf6 41.Rxc5  1/2-1/2

[Event "Schwaebisch Gmuend op"]
[Site "Schwaebisch Gmuend"]
[Date "1994.??.??"]
[Round "5"]
[White "Bruch, Ingo"]
[Black "Schmaltz, Roland"]
[Result "0-1"]
[WhiteElo "2295"]
[BlackElo "2445"]

1.d4 g6 2.c4 Bg7 3.Nc3 d6 4.e4 Nf6 5.Be2 O-O 6.Nf3 e5 7.O-O exd4 8.Nxd4 Re8
9.f3 c6 10.Nc2 Na6 11.Re1 Nc7 12.Bf1 Nh5 13.g4 Nf6 14.Bf4 h5 15.g5 Nd7 16.h4 Ne5
17.Qe2 f6 18.Nd4 Nf7 19.Be3 fxg5 20.Qg2 g4 21.f4 Qxh4 22.Rad1 Ne6 23.Nxe6 Bxe6
24.Bd3 Bd7 25.e5 dxe5 26.Bxg6 Red8 27.Bf2 Qf6 28.Bxh5 exf4 29.Ne4 Qf5 30.Rxd7 Qxh5
31.Rxb7 Ne5 32.Rc1 Nf3+ 33.Kf1 Rab8 34.Rxb8 Rxb8 35.b3 Qf5 36.Nc5 Rd8  0-1

[Event "Schwaebisch Gmuend op"]
[Site "Schwaebisch Gmuend"]
[Date "1994.??.??"]
[Round "6"]
[White "Banas, Jan"]
[Black "Reh, Philipp"]
[Result "1/2-1/2"]
[WhiteElo "2390"]
[BlackElo "2160"]

1.c4 g6 2.e4 Bg7 3.d4 d6 4.Nc3 Nf6 5.Be2 O-O 6.Nf3 e5 7.d5 a5 8.Bg5 Na6 9.Nd2 Qe8
10.a3 Bd7 11.b3 h6 12.Be3 Nxe4 13.Ndxe4 f5 14.f3 fxe4 15.Nxe4 b6 16.Qd2 Qe7
17.O-O Nc5 18.Nxc5 bxc5 19.Bxh6 Bxh6 20.Qxh6 Qg7 21.Qd2 Rfb8 22.Rab1 Ra7
23.Bd3 g5 24.h3 Qf6 25.Bc2 Qf4 26.Qd3 Qd4+ 27.Kh2 Qxd3 28.Bxd3 Kg7 29.Kg3 Rab7
30.Bc2 Rh8 31.Rh1 Rh4 32.Be4 Kf6 33.Kf2 Bf5 34.Ke3 Rh8 35.Kd3 Rhb8 36.Kc3 Rh8
37.g3 Bxe4 38.fxe4 Rhb8 39.Kc2 Kg6 40.a4 Rf8 41.Rbf1 Rbb8 42.h4 gxh4 43.gxh4 Rxf1
44.Rxf1 Rh8 45.Rg1+ Kf6 46.Rg4 Kf7 47.Kd2 Rb8 48.Rg3 Rh8 49.Rh3 Kg6 50.Ke2 Rb8
51.h5+ Kh6 52.Kd2 Rf8 53.Rg3 Kxh5 54.Rg7 Rc8  1/2-1/2

[Event "SCO-chT1"]
[Site "?"]
[Date "1994.??.??"]
[Round "?"]
[White "Farrell, Neil"]
[Black "McNab, Colin Anderson"]
[Result "1-0"]
[WhiteElo "2140"]
[BlackElo "2460"]

1.d4 d6 2.c4 e5 3.Nf3 Nd7 4.Nc3 g6 5.e4 Bg7 6.Be2 Ngf6 7.O-O O-O 8.Be3 Qe7
9.Re1 exd4 10.Nxd4 c6 11.f3 Nc5 12.Qd2 Re8 13.Bf1 a5 14.Rad1 a4 15.Nc2 Nfd7
16.Bd4 Bf8 17.f4 Bh6 18.Qf2 Ra5 19.h3 Ne6 20.Be3 Bg7 21.Nd4 Nec5 22.Bc1 Qf8
23.g4 Ra6 24.Bg2 Nb6 25.Bf1 Bd7 26.f5 Qe7 27.g5 f6 28.Qh4 Rf8 29.fxg6 hxg6
30.Nf3 Ra5 31.gxf6 Bxf6 32.Qg3 Ne6 33.Nd5 cxd5 34.exd5 Qf7 35.dxe6 Bxe6 36.Rxd6 Bxc4
37.Rxb6 Bxf1 38.Kxf1 Kh7 39.Kg2 Rc5 40.Bf4 Rc2+ 41.Kh1 Bd8 42.Rg1 Rc5 43.Rxg6 Qxf4
44.Rg7+ Kh8 45.Rg8+  1-0

[Event "Sevilla op"]
[Site "Sevilla"]
[Date "1994.??.??"]
[Round "3"]
[White "Pogorelov, Ruslan"]
[Black "Damljanovic, Branko"]
[Result "0-1"]
[WhiteElo "2415"]
[BlackElo "2560"]

1.Nf3 Nf6 2.c4 g6 3.Nc3 Bg7 4.e4 d6 5.d4 O-O 6.Be2 c6 7.O-O e5 8.d5 Na6 9.Be3 Ng4
10.Bg5 f6 11.Bh4 Nh6 12.Nd2 Nf7 13.Kh1 Bh6 14.f3 c5 15.Bf2 Kh8 16.a3 b6 17.Nb3 f5
18.Nc1 Bd7 19.Nd3 Qe7 20.a4 Nc7 21.b4 a5 22.bxc5 bxc5 23.Nb5 Ne8 24.Be1 Be3
25.exf5 gxf5 26.f4 Nf6 27.Ra3 exf4 28.Nxf4 Bxf4 29.Rxf4 Ne5 30.Re3 Ne4 31.Bh4 Qg7
32.Rfxe4 fxe4 33.Nxd6 Bg4 34.Rxe4 Bxe2 35.Qxe2 Ng6 36.Be1 Qf6 37.h3 Qxd6
38.Bc3+ Kg8 39.Re6 Qf4 40.Qh5 Qc1+ 41.Be1 Rf1+ 42.Kh2 Rxe1 43.Rxg6+ Kh8 44.Qf3 hxg6  0-1

[Event "Sevilla op"]
[Site "Sevilla"]
[Date "1994.??.??"]
[Round "3"]
[White "Franco Ocampo, Zenon"]
[Black "Checa, Calderon D"]
[Result "0-1"]
[WhiteElo "2475"]
[BlackElo "2245"]

1.d4 Nf6 2.Nf3 g6 3.c4 Bg7 4.Nc3 O-O 5.e4 d6 6.Be2 e5 7.d5 a5 8.O-O Na6 9.Bg5 h6
10.Bh4 Qe8 11.Nd2 Bd7 12.Kh1 Nh7 13.Rb1 h5 14.f3 Bh6 15.b3 Be3 16.a3 Bc5
17.Qc1 f5 18.exf5 gxf5 19.Bf2 Qg6 20.Bxc5 Nxc5 21.b4 axb4 22.axb4 Na4 23.c5 Nxc3
24.Qxc3 Nf6 25.Bc4 Kh7 26.Qe3 h4 27.Qf2 Qh6 28.Ra1 h3 29.gxh3 Nh5 30.Qh4 Nf4
31.Qe7+ Qg7 32.Qh4+ Qh6 33.Qe7+ Qg7 34.Qxg7+ Kxg7 35.h4 Kf6 36.Nb3 b5 37.cxb6 cxb6
38.Nd2 Rfc8 39.Bb3 Bb5 40.Rxa8 Rxa8 41.Bc4 Be8 42.Rd1 Ra3 43.Kg1 Ba4 44.Rb1 b5
45.Bb3 Bxb3 46.Rxb3 Rxb3  0-1

[Event "Sitges op"]
[Site "Sitges"]
[Date "1994.??.??"]
[Round "3"]
[White "Aoiz, Jose J"]
[Black "Montilla Carrillo, E."]
[Result "1-0"]
[WhiteElo "2310"]
[BlackElo "2245"]

1.d4 Nf6 2.c4 g6 3.Nc3 Bg7 4.e4 d6 5.Be2 O-O 6.Nf3 e5 7.d5 Nbd7 8.O-O Nc5
9.Qc2 a5 10.Bg5 h6 11.Be3 b6 12.b3 Nh5 13.a3 f5 14.Nd2 Nf6 15.f3 f4 16.Bf2 Nh5
17.b4 Nb7 18.Nb3 Qg5 19.Rfc1 a4 20.Nd2 Bd7 21.Nb5 Rf7 22.Kf1 Rc8 23.Nb1 Qe7
24.N1c3 g5 25.Na7 Rcf8 26.Nc6 Qf6 27.Qd1 g4 28.Qe1 Kh8 29.Ra2 Qg6 30.Bh4 Bf6
31.Bd1 g3 32.Bxf6+ Qxf6 33.h3 Qh4 34.Ke2 Rg7 35.Bxa4 Qg5 36.Qh1 Nf6 37.Bb5 Be8
38.a4 Bg6 39.Rf1 Nxe4 40.Nxe4 Bxe4 41.fxe4 f3+ 42.Rxf3 Rxf3 43.gxf3 g2 44.Qg1 Qg3
45.Ra1 Rf7 46.Qf2 Qxh3 47.Rg1 Rg7 48.Ba6 h5 49.Bxb7 h4 50.Ne7 Rxe7 51.Qxg2  1-0

[Event "Sitges op"]
[Site "Sitges"]
[Date "1994.??.??"]
[Round "9"]
[White "Loktiev, Ivan"]
[Black "Lanka, Zigurds"]
[Result "1-0"]
[WhiteElo "2275"]
[BlackElo "2540"]

1.d4 Nf6 2.Nf3 g6 3.c4 Bg7 4.Nc3 d6 5.e4 O-O 6.Be2 e5 7.Be3 Ng4 8.Bg5 f6
9.Bh4 Nc6 10.h3 Nh6 11.d5 Ne7 12.Nd2 g5 13.Bg3 f5 14.f3 Ng6 15.Bf2 Nf4 16.Bf1 g4
17.hxg4 fxg4 18.Qc2 Qg5 19.O-O-O g3 20.Bg1 Bd7 21.Kb1 Nf7 22.c5 h5 23.Ne2 Rfc8
24.c6 bxc6 25.dxc6 Be6 26.Nxf4 exf4 27.Bc4 Rcb8 28.Nb3 Bxc4 29.Qxc4 Qb5 30.Qxb5 Rxb5
31.Bd4 Ne5 32.Rxh5 a5 33.Bc3 Rab8 34.Rd5 Rxd5 35.exd5 Rb5 36.Nd4 Rxd5 37.Ne6 Kf7
38.Nxf4 Rd1+ 39.Kc2 Rf1 40.Rh3 Rf2+ 41.Kb3 Nxc6 42.Bxg7 Kxg7 43.Rxg3+ Kf7
44.Rh3 Nd4+ 45.Kc4 Ne6 46.Rh7+ Kg8 47.Rh4 Nxf4 48.Rxf4 Rxb2 49.Rg4+ Kf7 50.a3 a4
51.Kd5 Rb5+ 52.Kc6 Rc5+ 53.Kd7 d5 54.Rf4+ Kg6 55.Ke6 c6 56.Rg4+ Kh5 57.Rxa4 Rc4
58.Ra8 d4 59.Kf5 Kh4 60.Kf4 d3+ 61.Ke3 Rc3 62.Rd8 d2+ 63.Kxd2 Rxa3 64.Rg8 Ra2+
65.Ke3 Ra3+ 66.Ke4 Rc3 67.f4  1-0

[Event "Skei"]
[Site "Skei"]
[Date "1994.??.??"]
[Round "2"]
[White "Tisdall, Jonathan D"]
[Black "Scholseth, Tor Kristian"]
[Result "1/2-1/2"]
[WhiteElo "2465"]
[BlackElo "2305"]

1.d4 Nf6 2.c4 g6 3.Nc3 Bg7 4.e4 d6 5.Be2 O-O 6.Nf3 e5 7.Be3 exd4 8.Nxd4 Re8
9.f3 c6 10.Qd2 d5 11.exd5 cxd5 12.O-O dxc4 13.Rad1 a6 14.Bxc4 Nbd7 15.Rfe1 b5
16.Bb3  1/2-1/2

[Event "SLO-ch (Women)"]
[Site "?"]
[Date "1994.??.??"]
[Round "?"]
[White "Orel, Simona"]
[Black "Mihevc, Narcisa"]
[Result "0-1"]
[WhiteElo "2040"]
[BlackElo "2195"]

1.d4 Nf6 2.c4 g6 3.Nc3 Bg7 4.e4 d6 5.Nf3 O-O 6.Be2 e5 7.d5 a5 8.a3 Bd7 9.O-O Na6
10.Rb1 Nc5 11.Nd2 a4 12.f3 Bh6 13.b4 axb3 14.Nxb3 Bxc1 15.Qxc1 Na4 16.Nb5 Nh5
17.Re1 Nf4 18.Bf1 b6 19.Qe3 Kg7 20.Ra1 f5 21.Rec1 h6 22.Ra2 Nh5 23.exf5 gxf5
24.g4 Nf4 25.h3 Bxb5 26.cxb5 Nxd5 27.Qe2 Nf4 28.Qc2 Nc5 29.Nxc5 bxc5 30.a4 Qh4
31.Kh2 Kh8 32.a5 Nd5 33.Ra4 Nb4 34.Qc4 Qf2+ 35.Bg2 Qe3 36.Rc3 Qd4 37.a6 Qxc4
38.Rxc4 f4 39.Bf1 c6 40.Raxb4 cxb4 41.Rxc6 b3 42.Bd3 b2 43.Rxd6 Rfc8 44.Rxh6+ Kg7
45.Rh7+ Kg8 46.a7 Rd8 47.Be4 Rd2+ 48.Kg1 Rad8  0-1

[Event "SLO-chT"]
[Site "?"]
[Date "1994.??.??"]
[Round "?"]
[White "Potocnik, Primoz"]
[Black "Bukic, Enver"]
[Result "0-1"]
[WhiteElo "2225"]
[BlackElo "2445"]

1.d4 Nf6 2.c4 g6 3.Nc3 Bg7 4.e4 d6 5.Be2 O-O 6.Nf3 e5 7.d5 a5 8.Bg5 h6 9.Bh4 Na6
10.Nd2 Qe8 11.O-O Nh7 12.a3 Bd7 13.Kh1 h5 14.f3 Bh6 15.Qc2 Qb8 16.b3 Be3
17.Bf2 Qa7 18.Bxe3 Qxe3 19.Rae1 Qh6 20.Rb1 h4 21.Rf2 Nf6 22.Nf1 Nh5 23.Qd2 Qxd2
24.Nxd2 Nc5 25.Rff1 f5 26.Bd1 fxe4 27.Ndxe4 Nxe4 28.Nxe4 Nf6 29.Bc2 Nxe4
30.Bxe4 Kg7 31.h3 Rf4 32.Rbe1 Bf5 33.Re3 Bxe4 34.Rxe4 g5 35.Rfe1 Kf6 36.Kg1 Rc8
37.Rd1 Kf5 38.Rxf4+ gxf4 39.Kf2 Kf6 40.Ke2 Rg8 41.Rg1 e4 42.g4 fxg3 43.fxe4 Ke5
44.Kf3 Rf8+ 45.Kg4  0-1

[Event "SLO-chT"]
[Site "?"]
[Date "1994.??.??"]
[Round "?"]
[White "Podkriznik, Gregor"]
[Black "Praznik, Niko"]
[Result "1/2-1/2"]
[WhiteElo "2290"]
[BlackElo "2075"]

1.d4 Nf6 2.c4 g6 3.Nc3 Bg7 4.e4 d6 5.Nf3 O-O 6.Be2 Nbd7 7.O-O e5 8.dxe5 dxe5
9.Qc2 c6 10.Rd1 Qc7 11.h3 Nc5 12.Be3 Ne6 13.b4 Nh5 14.c5 Nef4 15.Bf1 f5 16.Rab1 Kh8
17.Rd6 fxe4 18.Ng5 Nf6 19.Ngxe4 Nxe4 20.Nxe4 Bf5 21.g4 Bxe4 22.Qxe4 Nd5 23.Re1 Rfe8
24.Bg5 Bf8 25.Bf6+ Nxf6 26.Rxf6 Bg7 27.Rd6 Bf8 28.Rd3 Rad8 29.Red1 Rxd3 30.Qxd3 Qe7
31.Bg2 Bg7 32.a4 Bf6 33.Qd7 Rd8 34.Qxd8+ Qxd8 35.Rxd8+ Bxd8 36.b5 Be7 37.bxc6 bxc6
38.Bxc6 Bxc5  1/2-1/2

[Event "SLO-chT"]
[Site "?"]
[Date "1994.??.??"]
[Round "?"]
[White "Potocnik, Primoz"]
[Black "Soln, Primoz"]
[Result "1-0"]
[WhiteElo "2225"]
[BlackElo "2235"]

1.d4 Nf6 2.c4 g6 3.Nc3 Bg7 4.e4 d6 5.Be2 O-O 6.Nf3 e5 7.d5 a5 8.Bg5 h6 9.Bh4 Na6
10.Nd2 Qe8 11.O-O Bd7 12.a3 Nh7 13.Kh1 a4 14.Nb5 Bxb5 15.cxb5 Nc5 16.f3 b6
17.Bf2 f5 18.b4 axb3 19.Bxc5 b2 20.Ra2 dxc5 21.Qb3 Kh8 22.Bd3 Ng5 23.Qxb2 f4
24.a4 Nf7 25.Nc4 Nd6 26.Nxd6 cxd6 27.a5 bxa5 28.Rfa1 Qd8 29.Qc3 Bf6 30.Rxa5 Rxa5
31.Qxa5 Qxa5 32.Rxa5 Kg8 33.Ra6 Be7 34.Ra7 Kf7 35.b6 Rb8 36.b7 Bd8 37.Ba6 Ke7
38.Ra8 Bc7 39.Kg1 g5 40.h3 Kd7 41.Bb5+ Ke7 42.Bc6 Kf6 43.Kf1 Ke7 44.Ke2 Kf6
45.Kd3 Ke7 46.Kc4 Rd8 47.Rc8 Bb8 48.Kb5 Rf8 49.Kb6 h5 50.Rxb8 Rxb8 51.Kc7  1-0

[Event "SLO-chT"]
[Site "?"]
[Date "1994.??.??"]
[Round "?"]
[White "Lampic, Gorazd"]
[Black "Sostaric, Marko"]
[Result "1/2-1/2"]
[WhiteElo "2040"]
[BlackElo "1905"]

1.d4 Nf6 2.c4 g6 3.Nc3 Bg7 4.e4 d6 5.Be2 O-O 6.Nf3 e5 7.d5 c5 8.Bg5 h6 9.Bh4 Qa5
10.Nd2 Nbd7 11.a3 a6 12.O-O Re8 13.Qc2 Qc7 14.Rfc1 Nf8 15.b4 b6 16.Na2 g5
17.Bg3 Ng6 18.Nf1 h5 19.f3 Nf4 20.Ne3 h4 21.Bf2 N6h5 22.Nc3 Nxe2+ 23.Nxe2 Nf4
24.Ra2 Bd7 25.g3 Nxe2+ 26.Qxe2 hxg3 27.hxg3 Bf6 28.Kg2 Kg7 29.Rh1 Rh8 30.Rxh8 Rxh8
31.g4 Qc8 32.Ra1 Qg8 33.Rh1 Rxh1 34.Kxh1 Qc8 35.bxc5 bxc5 36.Qb2 Bd8 37.Be1 Qa8
38.Kg2 Qa7 39.Kf2 Bb6 40.Ke2 Bc7 41.Kd3 Qa8 42.Bc3 Qc8  1/2-1/2

[Event "SLO-chT"]
[Site "?"]
[Date "1994.??.??"]
[Round "?"]
[White "Polajzer, Danilo"]
[Black "Osterman, Rudolf"]
[Result "1-0"]
[WhiteElo "2430"]
[BlackElo "2395"]

1.Nf3 Nf6 2.c4 g6 3.Nc3 Bg7 4.d4 O-O 5.e4 d6 6.Be2 e5 7.d5 a5 8.Be3 Na6 9.Nd2 Nc5
10.g4 Ne8 11.h4 f5 12.f3 fxg4 13.fxg4 h6 14.Nb3 b6 15.Qd2 Kh7 16.O-O-O a4
17.Nxc5 dxc5 18.g5 h5 19.Rdg1 Nd6 20.Qd1 Kg8 21.Bxh5 Nxc4 22.Bxg6 Nxe3 23.Qe2 a3
24.Qxe3 axb2+ 25.Kxb2 Qd6 26.Bh5 c4 27.Ka1 Bd7 28.Be2 b5 29.h5 b4 30.Bxc4 bxc3
31.h6 Qb4 32.Qe2 Ra4 33.hxg7 Qb2+ 34.Qxb2 cxb2+ 35.Kb1 Kxg7 36.g6 Rxc4 37.Rh7+ Kg8
38.Rxd7  1-0

[Event "SLO-chT"]
[Site "?"]
[Date "1994.??.??"]
[Round "?"]
[White "Farago, Ivan"]
[Black "Soln, Primoz"]
[Result "1-0"]
[WhiteElo "2515"]
[BlackElo "2250"]

1.d4 Nf6 2.c4 g6 3.Nc3 Bg7 4.e4 d6 5.Be2 O-O 6.Nf3 e5 7.O-O exd4 8.Nxd4 Re8
9.f3 Nc6 10.Be3 Nh5 11.Qd2 f5 12.Nxc6 bxc6 13.exf5 Qh4 14.f4 gxf5 15.Bf3 Bd7
16.c5 Qe7 17.Rfe1 Nf6 18.cxd6 Qxd6 19.Rad1 Re6 20.Bd4 Rae8 21.Rxe6 Bxe6 22.Bxf6 Qxd2
23.Rxd2 Bxf6 24.Bxc6 Rb8 25.Bd5 Kf7 26.Bxe6+ Kxe6 27.Na4 Rb4 28.Nc5+ Ke7
29.Nd3 Rd4 30.b3 a5 31.Kf2 c5 32.Kf3 a4 33.Re2+ Kd6 34.Ne5 axb3 35.axb3 Rb4
36.Nc4+ Kd7 37.Re3 Bd4 38.Rd3 Ke6 39.g4 fxg4+ 40.Kxg4 Rb7 41.Rh3 Rg7+ 42.Kf3 Rb7
43.Ke4 Kf6 44.Rh6+ Kg7 45.Rb6 Re7+ 46.Ne5 Bg1 47.f5 Kf8 48.f6 Re8 49.Rb7 Bxh2
50.Rf7+ Kg8 51.Re7 Rd8 52.Nd7 Bd6 53.f7+  1-0

[Event "SLO-sf"]
[Site "?"]
[Date "1994.??.??"]
[Round "?"]
[White "Soln, Primoz"]
[Black "Grosar, Kiti"]
[Result "1/2-1/2"]
[WhiteElo "2250"]
[BlackElo "2160"]

1.d4 Nf6 2.c4 g6 3.Nc3 Bg7 4.e4 d6 5.Nf3 O-O 6.Be2 e5 7.Be3 Ng4 8.Bg5 f6
9.Bh4 Nc6 10.d5 Ne7 11.h3 Nh6 12.Nd2 f5 13.f3 Bf6 14.Bf2 Kh8 15.Qc2 c5 16.O-O-O f4
17.a3  1/2-1/2

[Event "St Petersburg op"]
[Site "St Petersburg"]
[Date "1994.??.??"]
[Round "1"]
[White "Aleksandrov, Aleksej"]
[Black "Zakharevich, Igor"]
[Result "0-1"]
[WhiteElo "2535"]
[BlackElo "2395"]

1.d4 Nf6 2.c4 g6 3.Nc3 Bg7 4.e4 d6 5.Be2 O-O 6.Nf3 e5 7.d5 a5 8.h3 Na6 9.Bg5 Qe8
10.Nd2 Nd7 11.g4 Ndc5 12.Rg1 Kh8 13.Nf1 f5 14.gxf5 gxf5 15.Ng3 fxe4 16.Nh5 Qf7
17.Bh4 Bh6 18.Bf6+ Qxf6 19.Nxf6 Rxf6 20.a3 Bf5 21.Rg3 Raf8 22.Kf1 Bg6 23.Kg1 Rxf2
24.b4 axb4 25.axb4 Nxb4 26.Bh5 Nc2 27.Bxg6 Nxa1 28.Bxe4 Nab3 29.Qh5 R2f6
30.Rf3 Nxe4 31.Nxe4 Rxf3 32.Qxh6 Nd4 33.h4 R3f4 34.Ng5 Rf1+ 35.Kg2 R8f2+
36.Kh3 Rh1+  0-1

[Event "St Petersburg op2"]
[Site "St Petersburg"]
[Date "1994.??.??"]
[Round "1"]
[White "Shipov, Sergei"]
[Black "Bezman, Vadim"]
[Result "1-0"]
[WhiteElo "2525"]
[BlackElo "2395"]

1.d4 Nf6 2.c4 g6 3.Nc3 Bg7 4.e4 O-O 5.Nf3 d6 6.Be2 e5 7.Be3 c6 8.d5 cxd5
9.cxd5 Ng4 10.Bg5 Qb6 11.O-O f6 12.Bh4 h5 13.Nd2 Nh6 14.Nc4 Qd8 15.f3 Nf7
16.a4 g5 17.Bf2 f5 18.exf5 Bxf5 19.Bd3 Bxd3 20.Qxd3 Nd7 21.Qg6 Nf6 22.Ne3 Nh8
23.Qxg5 Nf7 24.Qg6 Nh8 25.Qd3 Nf7 26.Kh1 Qd7 27.Bh4 Rac8 28.Bxf6 Bxf6 29.Qg6+ Bg7
30.Ne4  1-0

[Event "St Petersburg op2"]
[Site "St Petersburg"]
[Date "1994.??.??"]
[Round "2"]
[White "Poluljahov, Aleksandr"]
[Black "Yuneev, Alexey"]
[Result "1/2-1/2"]
[WhiteElo "2485"]
[BlackElo "2400"]

1.d4 Nf6 2.c4 g6 3.Nc3 Bg7 4.e4 d6 5.Nf3 O-O 6.Be2 e5 7.d5 Nbd7 8.Be3 Ng4
9.Bg5 f6 10.Bh4 Nh6 11.Nd2 g5 12.Bg3 f5 13.exf5 Nf6 14.Nde4 Nxe4 15.Nxe4 Bxf5
16.Bd3 c6 17.Bc2 Qa5+ 18.Qd2 Qxd2+ 19.Kxd2 cxd5 20.cxd5 Rac8 21.Bd3 Bxe4
22.Bxe4 Rc4 23.f3 Ng4 24.Ke2 Nf6 25.Bf5 Kh8 26.Rhd1 Nh5 27.Be4 Nf6 28.Bf5 Nh5
29.Be4 Nf6  1/2-1/2

[Event "St Petersburg op"]
[Site "St Petersburg"]
[Date "1994.??.??"]
[Round "2"]
[White "Umanskaya, Irina"]
[Black "Shchekachev, Andrei"]
[Result "0-1"]
[WhiteElo "2345"]
[BlackElo "2470"]

1.Nf3 g6 2.c4 Bg7 3.d4 Nf6 4.Nc3 d6 5.e4 O-O 6.Be2 e5 7.dxe5 dxe5 8.Qxd8 Rxd8
9.Bg5 c6 10.Nxe5 Re8 11.O-O-O Na6 12.Rd6 Be6 13.f3 h6 14.Bh4 g5 15.Bg3 Nh5
16.Nd7 Rad8 17.Rhd1 Nxg3 18.hxg3 Rxd7 19.Rxd7 Bxd7 20.Rxd7 Nc5 21.Rd2 Be5
22.Kc2 Bxg3 23.b4 Ne6 24.Rd7 Rb8 25.c5 Nf8 26.Rd1 h5 27.Bc4 h4 28.Ne2 Ng6
29.Bb3 Re8 30.Rd7 Re7 31.Rxe7 Nxe7 32.Bc4 Ng6 33.Nd4 Kg7 34.b5 Bf2 35.Nf5+ Kf6
36.Nd6 Bxc5 37.Nxb7 cxb5 38.Bxb5 Be7 39.Na5 Ke5 40.Nc6+ Kf4 41.Bc4 Kg3 42.Bxf7 Nh8
43.Bd5 Bc5 44.e5 Ng6 45.e6 Nf4 46.e7 Bxe7 47.Nxe7 Kxg2  0-1

[Event "St Petersburg op2"]
[Site "St Petersburg"]
[Date "1994.??.??"]
[Round "2"]
[White "Belozerov, Andrei"]
[Black "Nadyrhanov, S."]
[Result "1/2-1/2"]
[WhiteElo "2320"]
[BlackElo "2475"]

1.d4 Nf6 2.c4 g6 3.Nc3 Bg7 4.e4 d6 5.Nf3 O-O 6.Be2 e5 7.dxe5 dxe5 8.Qxd8 Rxd8
9.Bg5 c6 10.Nxe5 Re8 11.O-O-O Na6 12.Rd6 Nh5 13.Nf3 Nc5 14.Be3 Bxc3 15.Bxc5 Bf6
16.Be3 Rxe4 17.Rhd1 Re8 18.R6d2 Ng7 19.Bd4 Bxd4 20.Nxd4 Ne6 21.Nxe6 Bxe6
22.Kc2 Kf8 23.Kc3 Ke7 24.Bf3 Rad8 25.b4 Rxd2 26.Rxd2 Rd8 27.Rxd8 Kxd8 28.Kd4 Ke7
29.Be4 Kd6 30.h4 h6 31.f4 h5 32.g3 Bf5 33.Bg2 f6 34.Bf3 b6 35.c5+ bxc5+ 36.bxc5+ Kd7
37.a3 Be6 38.Be2 Bf5 39.Kc4 Be6+ 40.Kb4 Kc7 41.Ka5 f5 42.Kb4 Bd5 43.Kc3 Kd7
44.Kd4 Ke6 45.Bd1 Kf6 46.Bc2 Ke6 47.Bd3  1/2-1/2

[Event "St Petersburg op2"]
[Site "St Petersburg"]
[Date "1994.??.??"]
[Round "3"]
[White "Belozerov, Andrei"]
[Black "Irzhanov, Ruslan"]
[Result "0-1"]
[WhiteElo "2320"]
[BlackElo "2430"]

1.d4 Nf6 2.c4 g6 3.Nc3 Bg7 4.e4 d6 5.Nf3 O-O 6.Be2 Nbd7 7.O-O e5 8.d5 Ne8
9.Ne1 f5 10.exf5 gxf5 11.f4 Qe7 12.Nf3 Nef6 13.Qc2 Nc5 14.fxe5 dxe5 15.Bg5 h6
16.Bh4 a5 17.Rae1 Bd7 18.Nd2 Rae8 19.Bh5 e4 20.Bxe8 Qxe8 21.Bg3 Ng4 22.Nb3 Nd3
23.Re2 a4 24.Nc1 Bd4+ 25.Kh1 f4 26.Rxe4 fxg3 27.Rxg4+ Bxg4 28.Qxd3 Rf2 29.Rg1 Qh5
30.h3 Qxh3+  0-1

[Event "St Petersburg op2"]
[Site "St Petersburg"]
[Date "1994.??.??"]
[Round "5"]
[White "Dyachkov, Sergej"]
[Black "Kochetkov, German"]
[Result "1/2-1/2"]
[WhiteElo "2510"]
[BlackElo "2455"]

1.d4 Nf6 2.c4 d6 3.Nc3 e5 4.Nf3 Nbd7 5.e4 g6 6.Be2 Bg7 7.O-O O-O 8.Be3 Re8
9.Qc2 Ng4 10.Bg5 Bf6 11.Bxf6 Ngxf6 12.Rad1 Qe7 13.dxe5 dxe5 14.Nd5 Qd8 15.c5 Nxd5
16.exd5 e4 17.Nd4 Nf6 18.Qb3 Qxd5 19.Bc4 Qd7 20.Bb5 c6 21.Nxc6 Qc7 22.Nd4 Re5
23.Bc4 Rh5 24.g3 Ng4 25.Nb5 Qxc5 26.Bxf7+ Kg7 27.Rd5 Rxd5 28.Qxd5 Qxd5 29.Bxd5 Nf6
30.Nc7 Rb8 31.Re1 Bf5 32.Ne6+ Kh6 33.Bb3 Bxe6 34.Bxe6 Rd8 35.Re2 Rd6 36.Bb3 Kg5
37.Kg2 Rd4 38.Bc2 b5 39.f3 exf3+ 40.Kxf3 Nd7 41.h4+ Kf6 42.Ke3 Ke5 43.Kf3+ Kd6
44.Bb3 Ne5+ 45.Ke3 Kc5 46.Bg8 h5 47.b3 Rd8 48.Rc2+ Kb4 49.Be6 Re8 50.Bh3 Rf8
51.Ke4 Nf3 52.Rc8 Nd2+ 53.Kd3 Rf2 54.Be6 Nf1 55.Rc2 Rxc2 56.Kxc2 Nxg3 57.Bf7 Ka3
58.Kb1 Nf5 59.Bxg6 Nxh4 60.Bxh5 b4 61.Bg4 Ng2 62.Be2 Ne3 63.Bf3 a5 64.Be4 Nd1
65.Ka1 Nc3 66.Bb1 Ne2 67.Bh7 Nc1 68.Bb1 a4 69.Bc2 axb3 70.axb3 Nxb3+ 71.Kb1 Nd2+
72.Kc1 Nb3+ 73.Kb1 Nd4 74.Bd1 Nb5 75.Bc2 Nc3+ 76.Kc1 Nd5 77.Kd2 Kb2 78.Bf5 Nc7
79.Bh7 Ne6 80.Bg8 Nc5 81.Bd5 Nb3+ 82.Kd3 Ka3 83.Kc2 Nd4+ 84.Kd3 Nf5 85.Be6 Nd6
86.Kc2 Nb7 87.Bg8 Nc5 88.Bd5 Ka4 89.Bc6+ Ka5 90.Bd5 Kb6 91.Bg8 Kc6 92.Bc4 Kd6
93.Bb3 Ke5 94.Bc4 Kd4 95.Bf7 Ne4 96.Kb3 Kc5 97.Kc2 Nd6 98.Bg8 Kb5 99.Bb3 Nf5
100.Kb2 Nd4 101.Bg8  1/2-1/2

[Event "St Petersburg op2"]
[Site "St Petersburg"]
[Date "1994.??.??"]
[Round "6"]
[White "Zvjaginsev, Vadim"]
[Black "Shchekachev, Andrei"]
[Result "1/2-1/2"]
[WhiteElo "2585"]
[BlackElo "2480"]

1.d4 g6 2.c4 Nf6 3.Nc3 Bg7 4.e4 d6 5.Be2 O-O 6.Nf3 e5 7.d5 Nbd7 8.Be3 Ng4
9.Bg5 f6 10.Bd2 f5 11.exf5 gxf5 12.Ng5 Nc5 13.h3 Nf6 14.b4 Na6 15.g4 Qe8
16.Rg1 Kh8 17.gxf5 Bxf5 18.a3 c6 19.Be3  1/2-1/2

[Event "St Petersburg op"]
[Site "St Petersburg"]
[Date "1994.??.??"]
[Round "7"]
[White "Poluljahov, Aleksandr"]
[Black "Zakharevich, Igor"]
[Result "1/2-1/2"]
[WhiteElo "2510"]
[BlackElo "2395"]

1.Nf3 Nf6 2.c4 g6 3.Nc3 Bg7 4.d4 O-O 5.e4 d6 6.Be2 e5 7.d5 a5 8.Bg5 h6 9.Bh4 Na6
10.Nd2 h5 11.Bg5 Qe8 12.O-O Nh7 13.Be3 Bd7 14.a3 Bf6 15.Bh6 Bg7 16.Be3 Bf6
17.Bh6  1/2-1/2

[Event "Stockholm op"]
[Site "Stockholm"]
[Date "1994.??.??"]
[Round "?"]
[White "Ansner, Bjorn"]
[Black "Sammalvuo, Tapani"]
[Result "0-1"]
[WhiteElo "2125"]
[BlackElo "2370"]

1.d4 Nf6 2.Nf3 g6 3.c4 Bg7 4.Nc3 O-O 5.e4 d6 6.Be2 e5 7.d5 a5 8.Bg5 h6 9.Bh4 Na6
10.O-O Qe8 11.Nd2 Nh7 12.a3 Bd7 13.Kh1 h5 14.f3 Bh6 15.Qc2 Be3 16.b3 f5 17.exf5 gxf5
18.Bf2 Bxf2 19.Rxf2 Nf6 20.Rb1 c6 21.b4 axb4 22.axb4 Qc8 23.Qb3 Kh8 24.Qb2 Nc7
25.f4 e4 26.Ncxe4 fxe4 27.Nxe4 Ne8 28.Bxh5 Bf5 29.Re1 Bxe4 30.Rxe4 Ng7 31.Bf3 Nxe4
32.Bxe4 Qe8 33.Bd3 Qe1+ 34.Rf1 Rae8 35.h3 Qg3 36.Qd2 Qe3  0-1

[Event "Stockholm op"]
[Site "Stockholm"]
[Date "1994.??.??"]
[Round "?"]
[White "Ansner, Bjorn"]
[Black "Solin, Niclas"]
[Result "1/2-1/2"]
[WhiteElo "2125"]
[BlackElo "2265"]

1.d4 Nf6 2.c4 g6 3.Nc3 Bg7 4.e4 d6 5.Nf3 O-O 6.Be2 e5 7.d5 a5 8.Bg5 h6 9.Bh4 Qe8
10.O-O Nh7 11.Nd2 Na6 12.a3 Bd7 13.Kh1 f5 14.exf5 Bxf5 15.f3 Nc5 16.Nde4 b6
17.b4  1/2-1/2

[Event "Stockholm op2"]
[Site "Stockholm"]
[Date "1994.??.??"]
[Round "2"]
[White "Kyhle, Bo"]
[Black "Eklund, Mathias"]
[Result "1-0"]
[WhiteElo "2265"]
[BlackElo "2235"]

1.Nf3 Nf6 2.d4 g6 3.c4 Bg7 4.Nc3 O-O 5.e4 d6 6.Be2 e5 7.d5 Nh5 8.g3 f5 9.exf5 Bxf5
10.Be3 Nf6 11.O-O Nbd7 12.Ng5 h6 13.Ne6 Bxe6 14.dxe6 Nb6 15.Qc2 g5 16.Ne4 Qe8
17.c5 dxc5 18.Nxc5 Nfd5 19.Bd2 Qc6 20.Rac1 Rf6 21.Qb3 Qe8 22.Nd7 Nxd7 23.Qxd5 Nb6
24.Qxb7 Qxe6 25.Qxa8+ Nxa8 26.Bc4 Qxc4 27.Rxc4 Rd6 28.Be3 Ra6 29.Rd1 Nb6
30.Rxc7 Rxa2 31.Rd8+ Kh7 32.Bxb6 axb6 33.Rdd7 Ra1+ 34.Kg2  1-0

[Event "Rilton Cup9495"]
[Site "Stockholm"]
[Date "1994.??.??"]
[Round "3"]
[White "Andersson, Mats"]
[Black "Hillarp Persson, Tiger"]
[Result "1-0"]
[WhiteElo "2350"]
[BlackElo "2395"]

1.d4 g6 2.c4 Bg7 3.Nc3 d6 4.e4 Nf6 5.Nf3 O-O 6.Be2 e5 7.Be3 exd4 8.Nxd4 Re8
9.f3 Nc6 10.O-O Nh5 11.f4 Nf6 12.Bf3 Bd7 13.Qd2 a6 14.h3 Rb8 15.a4 Nb4 16.Rfe1 c5
17.Nde2 Bc6 18.Ng3 Qc7 19.Bf2 Rbd8 20.Nf1 Rd7 21.g4 Rde7 22.Ng3 b6 23.Rad1 Qb7
24.Bh1 h6 25.Re2 Nd7 26.Qc1 Nf8 27.Rxd6 Ne6 28.Rxc6 Qxc6 29.e5 Qc8 30.Nd5 Nxd5
31.cxd5 Nxf4 32.Qxf4 Bxe5 33.Rxe5 Rxe5 34.Ne4 g5 35.Nf6+ Kh8 36.Qf3 Rd8 37.Bg3 Re7
38.Qd3 Kg7 39.Qh7+  1-0

[Event "Stockholm op2"]
[Site "Stockholm"]
[Date "1994.??.??"]
[Round "3"]
[White "Webster, Andrew"]
[Black "Pedersen, Steffen"]
[Result "1/2-1/2"]
[WhiteElo "2395"]
[BlackElo "2420"]

1.d4 Nf6 2.c4 g6 3.Nc3 Bg7 4.e4 d6 5.Be2 O-O 6.Nf3 Na6 7.O-O e5 8.Bg5 h6
9.Bh4 Qe8 10.Re1 Bg4 11.d5 Qe7 12.Nd2 Bd7 13.Rb1 c6 14.b4 Nc7 15.Nb3 cxd5
16.cxd5 Rac8 17.f3 Na6 18.Qd2 Nxe4 19.Nxe4 Qxh4 20.Nxd6 Rb8 21.Bxa6 bxa6
22.Nc5 Bc8 23.Nxc8 Rbxc8 24.d6 Rfd8 25.Nb7  1/2-1/2